Hothead paisan : homicidal lesbian terrorist /

Gardado en:
Detalles Bibliográficos
Autor Principal: DiMassa, Diane (Author)
Formato: Libro
Idioma:inglés
Publicado: Pittsburgh : Cleis, c1993
Tags: Engadir etiqueta
Sen Etiquetas, Sexa o primeiro en etiquetar este rexistro!

MARC

LEADER 00000nam a22000007i 4500
001 IT\ICCU\UBO\2347535
003 ItRI
005 20260115231829.0
008 070914s1993 xxu|||||| ||||| |||||c
020 |a 0939416735 
040 |b ita  |c importazione bologna sebina 
041 7 |a eng  |2 ISO-639-2 
100 1 |a DiMassa, Diane  |0 IT\ICCU\UBOV\185492  |4 aut 
245 1 0 |a Hothead paisan :  |b homicidal lesbian terrorist /  |c Diane Di Massa. 
260 |a Pittsburgh :  |b Cleis,  |c c1993 
300 |a 171 p. :  |b in gran parte ill. ;  |c 28 cm. 
942 |2 ddc  |c BK  |n 0 
952 |0 0  |1 0  |4 0  |6 F_741_597000000000000_DIM  |7 0  |9 13745  |a BO  |b BO  |d 2026-01-15  |i 3233  |l 0  |o F 741.597 DIM  |p BO3233  |r 2026-01-15 23:18:29  |w 2026-01-15  |x [Sebina 5] [1 v.]  |y BK  |z 1 v. 
999 |c 11822  |d 11822